LEADER 01235nam a2200265 u 4500 001 000000035310 003 CaOOAMICUS 005 20070226112554.0 008 980223s1978 it u000 u ita u 035 $a10783891 040 $aPUL(R)$bita 100 1 $aPizzorni, Reginaldo Maria,$cO.P.$0(OLS)http://pul/name/18389 245 13$aIl diritto naturale dalle origini a S. Tommaso d'Aquino :$bsaggio storico-critico /$cReginaldo M. Pizzorni o.p. 260 $aRoma :$bPontificia Università Lateranense :$bCittà Nuova,$c1978. 300 $a522 p. ;$c20 cm 490 1 $aDiritto ;$v3 504 $aContiene riferimenti bibliografici. 650 4$aDiritto naturale.$0(OLS)http://pul/subject/1724 830 0$aDiritto (Pontificia Università lateranense) ;$v3.$0(OLS)http://pul/title/37021 850 $aPUL 852 $aPUL$W1$xSL Diritto Canonico 1$y5$m147 L 3$j48366$nBK-PRI$b $qStampati$B48366$CPULBib$Z2$F48366 $H $81 941 1 $a8 961 $aINV: 45768 996 $6245$aIl diritto naturale dalle origini a S. Tommaso d'Aquino :$bsaggio storico-critico$9(OLS)http://pul/title/48574 996 $6260$aRoma :$bPontificia Università Lateranense :$bCittà Nuova$9(OLS)http://pul/publisher/48071 LEADER 01129nam a2200277 a 4500 001 000000167138 003 CaOOAMICUS 005 20180417102626.0 008 180417s1998 it u000 u ita r 020 $z88-7078-530-0* 032 $aLibriCat 040 $aPUL$bita 100 1 $aDemetrio, Duccio.$0(OLS)http://pul/name/52928 245 10$aElogio dell'immaturità :$bpoetica dell'età irraggiungibile /$cDuccio Demetrio. 260 $aMilano :$bRaffaello Cortina,$c©1998. 300 $a229 p. ;$c20 cm. 490 1 $aMinima ;$v43 650 4$aEducazione$xStudi.$0(OLS)http://pul/subject/13741 830 0$aMinima (Raffaello Cortina) ;$v43.$0(OLS)http://pul/title/82330 850 $aPUL 852 $aPUL$W1$xDP1 Fondo Dalla Palma$y117$m2 B 51$j115542$qFondi$B194681$CPULBib$Z2$F194681 $HDal2960 $81 941 1 $a1 996 $6020$z88-7078-530-0*$9(OLS)http://pul/number/163802 996 $6245$aElogio dell'immaturità :$bpoetica dell'età irraggiungibile$9(OLS)http://pul/title/207015 996 $6260$aMilano :$bRaffaello Cortina$9(OLS)http://pul/publisher/63509